000 00333 a2200133 4500
001 90426
082 _aPR 908
090 _c42747
_d42747
100 _aAteeque
245 _aDesign of Axial Flow Compresser
_cG-22 (A)
260 _aKarachi
_bNED University
_c1985
300 _a154p
_eIftikhar Chaudhry
500 _aBE Project Reports
942 _aCAE NUST
_kPR 908
999 _c325499
_d325499